000 00293nam a2200121Ia 4500
008 240624s9999 xx 000 0 und d
041 _aeng
082 _a891.46 ARM
100 _aARMSTRONG LANCE
245 _aITS NOT ABOUT THE BIKE
260 _c2013
_aPune
_bMehta Publishing H
365 _cRS
999 _c31385
_d31385